| 000 | 00828nam a2200241 i 4500 | ||
|---|---|---|---|
| 001 | 181334 | ||
| 003 | ES-MaACL | ||
| 005 | 20250911062855.0 | ||
| 008 | 121210s2010 sp | |||||||| | spa d | ||
| 020 | _a978-84-9895-767-9 | ||
| 080 | _a821.111(73)-14"18" | ||
| 100 | 1 |
_aPoe, Edgar Allan, _d1809-1849 _9188384 |
|
| 245 | 1 | 0 |
_aPoemas / _cEdgar Allan Poe ; traducción, prólogo y notas de Carlos Obligado. |
| 260 |
_aMadrid : _bVisor Libros, _cD.L. 2010. |
||
| 300 |
_a223 p. ; _c20 cm. |
||
| 490 | 1 |
_aColección Visor de poesía ; _v767 |
|
| 546 | _aTexto en inglés y traducción en español. | ||
| 700 | 1 |
_aObligado, Carlos. _986411 |
|
| 830 | 0 |
_aColección Visor de poesía _v767 _9177331 |
|
| 852 |
_aES-MaACL _jA-12386 _91882018 _bR.148605 _cDEPO1 _dOlim: N-5391 |
||
| 942 |
_2udc _cMONOGRAFIA |
||
| 999 |
_c181334 _d181334 |
||